Letákové promoce a jejich současné využití v komunikaci

Letáky ako rozšírená forma komunikácie maloobchodníkov so zákazníkmi. Výsledky výskumu využívania letákov obchodnými firmami a postoja spotrebiteľov k letákom. Hlavná funkcia letákov - pritiahnuť zákazníka do predajne. Ďalšie funkcie letáku. Kvalita papiera, dôveryhodnosť informácií a dobrý imidž fi...

Descrizione completa

Salvato in:
Dettagli Bibliografici
Autore principale: Tomšíčková, Bohumila
Natura: Capitolo di libro
Lingua:ceco
Soggetti:
Tags: Aggiungi Tag
Nessun Tag, puoi essere il primo ad aggiungerne!!

MARC

LEADER 00000naa$a2200000$$$4500
001 0029406
005 20231016104509.7
041 0 |a cze 
044 |a CZ 
245 1 0 |a Letákové promoce a jejich současné využití v komunikaci  |c Bohumila Tomšíčková 
520 |a Letáky ako rozšírená forma komunikácie maloobchodníkov so zákazníkmi. Výsledky výskumu využívania letákov obchodnými firmami a postoja spotrebiteľov k letákom. Hlavná funkcia letákov - pritiahnuť zákazníka do predajne. Ďalšie funkcie letáku. Kvalita papiera, dôveryhodnosť informácií a dobrý imidž firmy. 
610 2 0 |a reklama 
610 2 0 |a podpora predaja 
610 2 0 |a komunikácia externá 
610 2 0 |a komunikácia masová 
610 2 0 |a informácie 
610 2 0 |a produkty 
610 2 0 |a ceny 
610 2 0 |a spotrebitelia 
610 2 0 |a maloobchod 
610 2 0 |a hypermarkety 
610 2 0 |a Česko 
100 1 |a Tomšíčková, Bohumila